00795nam a2200169 a 450000100100000000500170001000800410002702000150006804000250008324501620010826000750027030000210034571000760036671000610044295201050050399900170060800004333320250909091243.0140310s1997 sp 000 0 spa d a8472327876 aDO-SdBNPbspacBNPHU03aLa Cooperación Descentralizada al Desarrollo desde los Gobiernos Regionales y Locales. /cGrupo de Trabajo sobre Cooperación Internacional al Desarrollo. aValencia, :bAgencia Española de Cooperación Internacional,c1997. a202 p. ;c24 cm.12aGrupo de Trabajo sobre Cooperación Internacional al Desarrollo97097222aAgencia Española de Cooperación Internacional934585 001050718MOaGRbGRcCTd2014-03-10iLF1l0o p43333-10r2020-06-25w2020-06-25y1ZNo se presta c42822d42822